000 02172cam a2200505 i 4500
999 _c173286
_d173286
001 18598006
003 Nust
005 20180117090021.0
008 150430s2016 nyua b 001 0 eng
010 _a 2015940141
020 _a9780199689453
020 _a0199689458
035 _a(OCoLC)ocn933288982
040 _aEQF
_beng
_cEQF
_dEQO
_dNLGGC
_dUKWOH
_dOCLCQ
_dCDX
_dOCLCF
_dLUNQA
_dYDXCP
_dS3O
_dDLC
042 _alccopycat
050 0 0 _aH62
_b.B787 2016
082 0 4 _a300.72
_223
100 1 _aBryman, Alan.
245 1 0 _aSocial research methods /
_cAlan Bryman.
250 _aFifth Edition
260 _aOxford ;
_aNew York :
_bOxford University Press,
_c2016.
300 _axxxv, 747 pages :
_bcolor illustrations ;
_c26 cm
336 _atext
_btxt
_2rdacontent
337 _aunmediated
_bn
_2rdamedia
338 _avolume
_bnc
_2rdacarrier
504 _aIncludes bibliographical references (pages 698-725) and indexes.
650 0 _aSocial sciences
_xResearch.
650 0 _aSocial sciences
_xMethodology.
650 4 _aSocial sciences
_xResearch.
650 7 _aSocial sciences
_xMethodology.
_2fast
_0(OCoLC)fst01122933
650 7 _aSocial sciences
_xResearch.
_2fast
_0(OCoLC)fst01122944
650 1 7 _aSociaalwetenschappelijk onderzoek.
_2gtt
_0(NL-LeOCL)078667410
650 1 7 _aMethodologie.
_2gtt
_0(NL-LeOCL)078589479
650 7 _aSamhällsvetenskaplig forskning
_xmetodik.
_2sao
650 7 _aKvalitativ metod.
_2sao
650 7 _aKvantitativ metod.
_2sao
856 4 2 _3Contributor biographical information
_uhttps://www.loc.gov/catdir/enhancements/fy1617/2015940141-b.html
856 4 2 _3Publisher description
_uhttps://www.loc.gov/catdir/enhancements/fy1617/2015940141-d.html
856 4 1 _3Table of contents only
_uhttps://www.loc.gov/catdir/enhancements/fy1617/2015940141-t.html
906 _a7
_bcbc
_ccopycat
_d2
_encip
_f20
_gy-gencatlg
942 _2ddc
_cBK